[Event "45th Olympiad 2024"]
[Site "Budapest HUN"]
[Date "2024.09.13"]
[Round "3.70"]
[Board "1"]
[White "Ferster, Fabian"]
[Black "Than, Min Hlaing"]
[Result "1-0"]
[WhiteElo "2184"]
[BlackElo "2121"]
[PlyCount "43"]
[EventDate "2024.09.11"]
[WhiteTeam "Liechtenstein"]
[BlackTeam "Myanmar"]
[WhiteTeamCountry "LIE"]
[BlackTeamCountry "MYA"]

1. e4 c5 2. Nc3 Nc6 3. Nge2 e5 4. Ng3 g6 ({RR} 4... d6 5. Bc4 Nf6 6. d3 Be7 7. O-O O-O 8. f4 Bg4 9. Qe1 exf4 10. Bxf4 Qd7 11. a3 Nd4 12. Qd2 b5 13. Ba2 Rae8 14. Nd5 Nxd5 15. Bxd5 Be6 16. Be3 Nc6 17. Nf5 Bd8 18. b4 Bxf5 19. Bxc6 {0-1 Sjugirov,S (2696)-Xiong,J (2688) Chess.com Rapid Wk15 Swiss 2022 (9)}) 5. Bc4 h5 ({RR} 5... Bg7 6. d3 Nge7 7. O-O O-O 8. f4 exf4 9. Bxf4 Nd4 10. Bd6 Ne6 11. Nd5 Nxd5 12. exd5 Nd4 13. c3 b5 14. Bxf8 Qxf8 15. Bb3 Nxb3 16. axb3 Bb7 17. c4 Bxb2 18. Ra2 Bd4+ 19. Kh1 Re8 20. Rxa7 {1-0 Khruschiov,A (2274)-Sabatier,M (2183) Titled Tue 6th Aug Early 2024 (3)}) 6. d3 h4 $146 ({RR} 6... d6 7. O-O h4 8. Nge2 g5 9. Nd5 Bh6 10. c3 Nf6 11. b4 Nxd5 12. exd5 Ne7 13. bxc5 dxc5 14. d4 Nxd5 15. dxe5 Be6 16. Qa4+ Ke7 17. Qb3 Nb6 18. Bxe6 fxe6 19. Rd1 Qc7 20. Rd6 c4 21. Qc2 {1-0 Quizon,D (2384)-Lye,L (2358) SEA Games 31st 2022 (4)}) 7. Nf1 h3 8. g3 d6 9. Nd5 Bg7 10. c3 Nh6 11. Bxh6 Rxh6 12. Nfe3 Be6 13. O-O Qd7 14. a3 O-O-O 15. b4 f5 16. Qa4 f4 17. b5 fxe3 18. bxc6 e2 19. cxd7+ Bxd7 20. Qa5 exf1=Q+ 21. Rxf1 Kb8 22. Qxd8+ 1-0

[Event "45th Olympiad 2024"]
[Site "Budapest HUN"]
[Date "2024.09.13"]
[Round "3.70"]
[Board "4"]
[White "Linn Phone Myat"]
[Black "Frick, Renato"]
[Result "1-0"]
[WhiteElo "1763"]
[BlackElo "1925"]
[PlyCount "77"]
[EventDate "2024.09.11"]
[WhiteTeam "Myanmar"]
[BlackTeam "Liechtenstein"]
[WhiteTeamCountry "MYA"]
[BlackTeamCountry "LIE"]

1. e4 e5 2. Nf3 Nc6 3. Bc4 Bc5 4. c3 Nf6 5. d4 exd4 6. e5 d5 7. Bb5 Ne4 8. cxd4 Bb4+ 9. Nbd2 O-O 10. h3 ({RR} 10. O-O Bg4 11. Bxc6 Bxd2 12. Bxd2 bxc6 13. Be3 f5 14. Qc1 h6 15. h3 Bxf3 16. gxf3 Qh4 17. Kg2 f4 18. fxe4 dxe4 19. Qxc6 fxe3 20. fxe3 Qg5+ 21. Kh1 Qxe3 22. Qc3 Qe2 23. Rfe1 Qh5 24. Rxe4 Rf3 {½-½ Campora,D (2520)-Fernandes,A (2490) Magistral Algarve 1998 (6)}) 10... Bd7 ({RR} 10... f6 11. O-O Bxd2 12. Bxd2 fxe5 13. dxe5 Bxh3 14. Bxc6 {½-½ Macias Pino,D (2356)-Granero Roca,A (2358) FACV-ch Alcossebre 2022 (7)}) 11. Bd3 Ng5 $146 ({RR} 11... Bf5 12. Be2 Ba5 13. a3 Bb6 14. Nb3 f6 15. exf6 Qxf6 16. Be3 Qe7 17. Qc1 Rae8 18. Bb5 Na5 19. Nxa5 Bxa5+ 20. Ke2 c6 21. Bd3 Nxf2 {0-1 Schmidt,H-Safin,S (2510) Untergrombach op 1998}) ({RR} 11... Bf5 12. Qc2 f6 13. O-O Bxd2 14. Bxd2 fxe5 15. dxe5 Bxh3 16. Bxe4 dxe4 17. Qxe4 Bf5 18. Qe3 Qd5 19. Bc3 Rad8 20. Rfd1 Qxd1+ 21. Rxd1 Rxd1+ 22. Kh2 Rd3 23. Qc5 Be6 24. Qb5 Rd1 25. Qxb7 Bd5 26. Qxc7 {1-0 Sullivan,N-Barclay,W (2215) Labor Day op 1992 (9)}) 12. O-O Bxd2 13. Bxd2 Nxf3+ 14. Qxf3 Nxd4 15. Qxd5 Bxh3 16. Qe4 Bf5 17. Qe3 Bxd3 18. Qxd3 Ne6 19. Qe2 Qh4 20. Rac1 Rfd8 21. f4 c5 22. Rc3 Nd4 23. Qe4 Qg4 24. Rh3 g6 25. Be3 b6 26. Bxd4 cxd4 27. Rd3 Rac8 28. Rxd4 Rxd4 29. Qxd4 h5 30. Rd1 Rc2 31. Rd2 Rc1+ 32. Kf2 Qh4+ 33. Ke2 Qe1+ 34. Kf3 h4 35. Qf2 Qh1 36. Kg4 Rc4 37. e6 fxe6 38. Qe2 Rc6 39. Qe4 1-0

[Event "45th Olympiad 2024"]
[Site "Budapest HUN"]
[Date "2024.09.13"]
[Round "3.71"]
[Board "3"]
[White "Gumireddy, Sanjay"]
[Black "Elizee, Kaieem"]
[Result "0-1"]
[WhiteElo "1907"]
[BlackElo "1701"]
[PlyCount "94"]
[EventDate "2024.09.11"]
[WhiteTeam "Isle of Man"]
[BlackTeam "Saint Lucia"]
[WhiteTeamCountry "IOM"]

1. e4 c5 2. d4 cxd4 3. c3 dxc3 4. Nxc3 e6 5. Nf3 Nc6 6. Bc4 a6 7. O-O Nge7 8. Qe2 b5 9. Bb3 Ng6 10. Be3 Be7 11. Rfd1 ({RR} 11. Nd4 Bb7 12. f4 O-O 13. Kh1 Nxd4 14. Bxd4 f5 15. exf5 Rxf5 16. Qg4 Qf8 17. Ne2 Rc8 18. Be3 Ne5 19. Qg3 Nc4 20. Rad1 Rf6 21. Qf2 Nxe3 22. Qxe3 Bc5 23. Qd3 Bc6 24. f5 g6 25. Ng3 gxf5 {0-1 Lagerman,R (2310)-Thorsteins,K (2480) ISL-ch Gardabaer 1991 (6)}) 11... O-O 12. Rac1 Bb7 13. a3 ({RR} 13. Nd4 Nxd4 14. Bxd4 Rc8 15. a3 Bc5 16. Nxb5 Bxd4 17. Nxd4 Rxc1 18. Rxc1 Qb6 19. Qe3 e5 20. Nf5 Qxe3 21. fxe3 Bxe4 22. Nd6 Bc6 23. Rf1 Ne7 24. Rxf7 Rxf7 25. Nxf7 e4 26. Ng5+ Kh8 27. Nf7+ Kg8 {1-0 Swarnavo,C (2053)-Ahmed,W (1919) BAN-chB 46th 2021 (7)}) 13... Na5 $146 ({RR} 13... Rc8 14. Bd4 Na5 15. Ba2 Nc4 16. Bxc4 Rxc4 17. a4 Qc8 18. b3 Rc6 19. axb5 axb5 20. Qxb5 Ba6 21. Qa4 Nf4 22. Qa1 Be2 23. Rd2 Bxf3 24. gxf3 Bb4 25. Rdd1 Bxc3 26. Bxc3 Ne2+ 27. Kg2 Rxc3 28. Rxc3 {0-1 Monjac,M (1833)-Mrakovcic,K (1661) CRO-chT U20 18th 2009 (9)}) ({RR} 13... Rc8 14. Nd4 Nxd4 15. Bxd4 Qe8 16. Qg4 Kh8 17. Bc2 f6 18. f4 Bc5 19. Bxc5 Rxc5 20. f5 exf5 21. exf5 Qe3+ 22. Kh1 Nf4 23. Re1 Bxg2+ {0-1 Bossoni,M (1897)-Hess,M (2114) Bad Woerishofen op 31st 2015 (4)}) 14. Ba2 Rc8 15. Nd4 Nc4 16. Bxc4 bxc4 17. f4 d5 18. e5 Qd7 19. Qg4 Bc5 20. h4 Ne7 21. Nce2 f5 22. Qf3 Ba8 23. Qf2 Qa7 24. Rc3 Bxd4 25. Nxd4 Qd7 26. h5 Nc6 27. Qh4 Nxd4 28. Bxd4 Qd8 29. Qf2 Qe8 30. Rh3 Rf7 31. Rc1 Rfc7 32. Rcc3 Rb7 33. Rcg3 Rcb8 34. Rg5 Rb3 35. Bc3 R3b7 36. Qh4 Qd8 37. Qg3 d4 38. Bb4 d3 39. Qe1 Qd4+ 40. Qf2 Qxf2+ 41. Kxf2 a5 42. Bc3 Rxb2+ 43. Bxb2 Rxb2+ 44. Ke1 Be4 45. Rhg3 g6 46. Re3 c3 47. Rxd3 Bxd3 0-1

[Event "45th Olympiad 2024"]
[Site "Budapest HUN"]
[Date "2024.09.13"]
[Round "3.71"]
[Board "4"]
[White "Daniel, Cyrus"]
[Black "Miah, Zahed"]
[Result "1-0"]
[WhiteElo "1759"]
[BlackElo "1895"]
[PlyCount "77"]
[EventDate "2024.09.11"]
[WhiteTeam "Saint Lucia"]
[BlackTeam "Isle of Man"]
[BlackTeamCountry "IOM"]

1. e4 c6 2. d4 d5 3. e5 Bf5 4. g4 Bd7 5. Bd3 e6 6. Qe2 $146 ({RR} 6. Nf3 c5 7. c3 Nc6 8. O-O Qb6 9. dxc5 Bxc5 10. b4 Bf8 11. Re1 Nge7 12. Be3 Qc7 13. Bf4 Ng6 14. Bg3 Be7 15. h4 a5 16. h5 Nf8 17. b5 Na7 18. a4 Nc8 19. Qb3 Nb6 20. Nbd2 Rc8 {1-0 Rojahn,E-Vassaux E,G Olympiad-08 Preliminaries D 1939 (1)}) ({RR} 6. c3 c5 7. Nf3 Qb6 8. Qe2 cxd4 9. O-O Nc6 10. Rd1 Nge7 11. h4 h5 12. Bg5 hxg4 13. Nxd4 Nxd4 14. cxd4 Nc6 15. Nc3 g3 16. Bb5 gxf2+ 17. Qxf2 Be7 18. Bxc6 Bxc6 19. Rf1 Rf8 20. Bxe7 Kxe7 {0-1 Brosig,B (2202)-Kasparov,S (2497) Werther Schloss op-A 10th 2004 (3)}) ({RR} 6. c3 c5 7. Be3 cxd4 8. cxd4 Nc6 9. Nf3 Qb6 10. Qd2 Nb4 11. Be2 Bb5 12. Nc3 Bxe2 13. Qxe2 Rc8 14. O-O h5 15. g5 Ne7 16. Rac1 Nbc6 17. Nh4 g6 18. a3 Nf5 19. Nxf5 gxf5 20. Na4 Qc7 {½-½ Lobato Rivero,C (1999)-Fernandez Sanchez,L (1793) Madrid Codes Memorial 8th 2014 (5)}) ({RR} 6. Ne2 c5 7. c3 Nc6 8. Nd2 cxd4 9. cxd4 f6 10. Nf3 fxe5 11. dxe5 Qc7 12. Bf4 Bb4+ 13. Kf1 Nge7 14. Rc1 a6 15. Ned4 Qb8 16. Nb3 Ba5 17. Kg2 O-O 18. Bg3 Bb6 19. h4 a5 20. h5 a4 {1-0 Hahn,E-Normann,C Bad Elster 1940}) 6... c5 7. dxc5 Bxc5 8. Nd2 Nc6 9. Ngf3 Nge7 10. Nb3 Bb6 11. h4 Qc7 12. Bf4 Nb4 13. c3 Nxd3+ 14. Qxd3 a6 15. Nbd4 Nc6 16. Nxc6 bxc6 17. Bg3 c5 18. Nd2 Bb5 19. c4 dxc4 20. Nxc4 Ba5+ 21. Kf1 Rd8 22. Qc2 Rd4 23. b3 O-O 24. Qe2 Rfd8 25. Kg1 Rd2 26. Qe3 R8d3 27. Qg5 Bxc4 28. bxc4 Qb7 29. Kh2 Bc3 30. Rab1 Bb2 31. Qf4 Qd7 32. Qe4 Qc8 33. Rxb2 Rd4 34. Qb1 Rxb2 35. Qxb2 Rxc4 36. Qe2 Ra4 37. Rd1 h6 38. Rd6 c4 39. Qd1 1-0

[Event "45th Olympiad 2024"]
[Site "Budapest HUN"]
[Date "2024.09.13"]
[Round "3.72"]
[Board "1"]
[White "Kawuma, Patrick"]
[Black "Houssein, Mohamed Bilal"]
[Result "1-0"]
[WhiteElo "2207"]
[BlackElo "1870"]
[PlyCount "97"]
[EventDate "2024.09.11"]
[WhiteTeam "Uganda"]
[BlackTeam "Djibouti"]
[WhiteTeamCountry "UGA"]
[BlackTeamCountry "DJI"]

1. c4 Nf6 2. g3 e6 3. Bg2 d5 4. Nf3 dxc4 5. Qa4+ Nbd7 6. Qxc4 a6 7. Qc2 c5 8. O-O b5 ({RR} 8... Qc7 9. d4 Bd6 10. Rd1 O-O 11. Nc3 cxd4 12. Nxd4 Rb8 13. a4 Re8 14. Bd2 Bc5 15. Be1 e5 16. Nb3 Bf8 17. Rac1 b5 18. axb5 axb5 19. Qd3 Qc4 20. Qxc4 bxc4 21. Na5 Rxb2 22. Nxc4 Rb8 23. Nd5 {½-½ Leitao,R (2628)-Mekhitarian,K (2572) Belem Velha op 3rd 2015 (7)}) 9. Ne5 Nd5 10. f4 $146 ({RR} 10. Nxd7 Qxd7 11. Nc3 Bb7 12. Nxd5 Bxd5 13. b3 Rd8 14. d3 h5 15. Be3 h4 16. Bxc5 Bxg2 17. Kxg2 Qd5+ 18. f3 Qxc5 19. Qd2 Be7 20. Rfc1 Qe5 {0-1 Skibbe,W (2189)-Volkov,M (2350) Titled Tue 6th Dec Early 2022 (8)}) ({RR} 10. Nxd7 Qxd7 11. a4 Bb7 12. axb5 axb5 13. Rxa8+ Bxa8 14. Nc3 Nxc3 15. dxc3 Bxg2 16. Kxg2 Be7 17. Rd1 Qc6+ 18. f3 O-O 19. Be3 Rd8 20. Rxd8+ Bxd8 21. c4 b4 22. b3 h6 23. Qa2 Be7 24. Qa7 Bf8 {1-0 Seo,J (2455)-Shishkov,A (2340) Titled Tue 16th Apr Early 2024 (6)}) ({RR} 10. Nxd7 Qxd7 11. a4 Bb7 12. axb5 axb5 13. Rxa8+ Bxa8 14. Nc3 Nb4 15. Qb1 {½-½ Maletin,P (2527)-Yudin,S (2508) Sibiria Region-ch 2007 (8)}) 10... Bb7 11. Nf3 c4 12. b3 Bc5+ 13. Kh1 cxb3 14. Qxb3 O-O 15. Bb2 N7f6 16. Ne5 Qb6 17. e4 Ne7 18. Nc3 Rad8 19. d3 Ng6 20. Nxg6 hxg6 21. Ne2 Qa7 22. h3 Rd7 23. g4 Rfd8 24. Rad1 Qa8 25. Kh2 b4 26. g5 Nh5 27. Qc2 Bf8 28. d4 a5 29. Ng3 Nxg3 30. Kxg3 Rc8 31. Qb1 a4 32. Rf2 b3 33. axb3 axb3 34. Ba1 Qa4 35. Rd3 Ra8 36. Rxb3 Qxa1 37. Rxb7 Rxb7 38. Qxb7 Ra3+ 39. Kh2 Qxd4 40. Qb2 Qa7 41. Qd2 Kh7 42. f5 exf5 43. exf5 gxf5 44. Rxf5 Bc5 45. Qf4 Bg1+ 46. Kh1 Ra1 47. g6+ Kh8 48. Qh4+ Kg8 49. Qd8# 1-0

[Event "45th Olympiad 2024"]
[Site "Budapest HUN"]
[Date "2024.09.13"]
[Round "3.72"]
[Board "3"]
[White "Nsubuga, Haruna"]
[Black "Mohamed, Ali Dima"]
[Result "1-0"]
[WhiteElo "2243"]
[BlackElo "1761"]
[PlyCount "47"]
[EventDate "2024.09.11"]
[WhiteTeam "Uganda"]
[BlackTeam "Djibouti"]
[WhiteTeamCountry "UGA"]
[BlackTeamCountry "DJI"]

1. d4 d5 2. Nf3 Nf6 3. g3 Bf5 4. c4 e6 5. Qb3 c6 $146 ({RR} 5... Qc8 6. Nc3 c6 7. Nh4 Bg6 8. Bg2 Nbd7 9. O-O Bd6 10. Bf4 Bxf4 11. gxf4 Nb6 12. c5 Nbd7 13. Qd1 Qc7 14. e3 Bf5 15. b4 Ne4 16. Nxe4 dxe4 17. d5 Nf6 18. d6 Qd7 19. Qd4 O-O 20. Kh1 {1-0 Lys,J (2305)-Pospisil,D Morava-chT 9899 1998 (7)}) ({RR} 5... Nc6 6. Bg2 dxc4 7. Qxc4 Qd5 8. Qa4 Bb4+ 9. Bd2 Bxb1 10. Bxb4 Be4 11. O-O a5 12. Bd2 O-O 13. Bf4 Rac8 14. Rfc1 Rfd8 15. Rc5 Qd7 16. Rac1 Nd5 17. Be3 Qe8 18. Qb5 Rb8 19. a3 h6 20. Ne1 {1-0 Mamedyarov,S (2762)-Nakamura,H (2736) Meltwater Tour Final rapid 2021 (6.2)}) ({RR} 5... Nc6 6. Bg2 Bb4+ 7. Nc3 dxc4 8. Qxc4 Qd5 9. Qxd5 exd5 10. O-O O-O 11. Bf4 Rfe8 12. e3 Bxc3 13. bxc3 Rac8 14. Rfc1 h6 15. h4 Be4 16. c4 Nb4 17. Ne1 Bxg2 18. Kxg2 dxc4 19. Rxc4 Nbd5 20. Rac1 {0-1 Jogstad,M (2401)-Kraemer,M (2574) TCh-SUI 2024 (1.1)}) ({RR} 5... Nc6 6. cxd5 Qxd5 7. Qxd5 Nxd5 8. Bg2 O-O-O 9. O-O Ndb4 10. Na3 Be4 11. e3 Nd3 12. Nb5 h6 13. b3 a6 14. Nc3 Bh7 15. a3 Na5 16. Nd2 c5 17. d5 Be7 18. Ra2 Bf6 19. Nce4 exd5 20. Nxf6 {½-½ Lys,J (2270)-Michenka,J (2355) Frydek Mistek op-A 1997 (7)}) 6. Qxb7 Be4 7. Qxa8 Bxf3 8. exf3 Qc7 9. Bf4 Bd6 10. Bxd6 Qxd6 11. Qxa7 Qb4+ 12. Nd2 O-O 13. a3 Qxb2 14. Rb1 Qc2 15. Qxb8 Nd7 16. Qb3 Qg6 17. f4 h6 18. Qd3 f5 19. c5 Nf6 20. Nf3 Ne4 21. Ne5 Qe8 22. Rb6 Qa8 23. Nxc6 Kh7 24. Bg2 1-0

[Event "45th Olympiad 2024"]
[Site "Budapest HUN"]
[Date "2024.09.13"]
[Round "3.73"]
[Board "2"]
[White "Naser Eldean, Ahmed"]
[Black "Winston Gerald, Mansfield Thomas"]
[Result "1-0"]
[WhiteElo "1981"]
[BlackElo "1950"]
[PlyCount "113"]
[EventDate "2024.09.11"]
[WhiteTeam "Libya"]
[BlackTeam "Sierra Leone"]
[WhiteTeamCountry "LBY"]
[BlackTeamCountry "SIE"]

1. e4 d6 2. d4 Nf6 3. Nc3 c6 4. f4 Qa5 5. Bd3 e5 6. Nf3 Nbd7 7. Be3 Be7 8. h3 ({RR} 8. Qd2 O-O 9. O-O Qc7 10. Kh1 b5 11. Rae1 Bb7 12. a3 a6 13. h3 Nh5 14. Ne2 c5 15. c3 f5 16. d5 c4 17. Bc2 fxe4 18. Bxe4 exf4 19. Bxf4 Nc5 20. Bc2 Nd3 21. Bh2 Nxe1 22. Rxe1 Qd7 {0-1 Topalov,V (2645)-Adams,M (2640) Cap d'Agde rapid 1994 (4)}) ({RR} 8. Qd2 Qc7 9. h3 b5 10. O-O a6 11. Ne2 c5 12. c3 c4 13. Bc2 O-O 14. Ng3 Re8 15. Rae1 Bf8 16. Qf2 a5 17. Nf5 exd4 18. Bxd4 Nc5 19. Nh6+ Kh8 20. e5 dxe5 21. fxe5 gxh6 22. exf6 Be6 {1-0 Pap,M (2382)-Pastor Pons,P (2048) 44th San Sebastian Open 2024 (7.6)}) 8... exd4 $146 ({RR} 8... b5 9. dxe5 b4 10. exf6 bxc3 11. fxe7 cxb2+ 12. Bd2 bxa1=Q 13. Qxa1 Qb6 14. Qxg7 Kxe7 15. Qxh8 Qb1+ 16. Kf2 Qxh1 17. f5 Qb1 18. f6+ Nxf6 19. Bg5 Qb2 20. e5 {1-0 Steil Antoni,F (2185)-Atkins,R (2149) BCF-chT1a 1314 (4NCL) 2013 (5.128)}) ({RR} 8... O-O 9. Qe2 Nh5 10. Nxe5 Nxe5 11. dxe5 Ng3 12. Qf3 Nxh1 13. O-O-O dxe5 14. Rxh1 exf4 15. Bxf4 Be6 16. Bd2 Bg5 17. h4 Bxd2+ 18. Kxd2 c5 19. h5 h6 {0-1 Helsen,S (2146)-Budimir,B (2335) Senta op-A 11th 2007 (6)}) 9. Bxd4 c5 10. Bxf6 Bxf6 11. e5 dxe5 12. O-O O-O 13. fxe5 Bd8 14. Ne4 c4 15. Bxc4 Nxe5 16. Nxe5 Bb6+ 17. Kh1 Qxe5 18. Qd5 Bc7 19. Qxe5 Bxe5 20. Rxf7 Rxf7 21. Rf1 h6 22. Rxf7 Kh7 23. Re7 Bf4 24. Rf7 Be5 25. Re7 Bf4 26. g3 Bb8 27. Re8 Bd7 28. Nf6+ gxf6 29. Bd3+ Kg7 30. Re7+ Kg8 31. Rxd7 Bxg3 32. Rxb7 Be5 33. b3 a5 34. Kg2 Rd8 35. Ra7 Bc3 36. Kf3 Rd4 37. Rc7 Bd2 38. Ke2 Bg5 39. Rc5 a4 40. Rc4 Rxc4 41. Bxc4+ Kf8 42. b4 Ke7 43. Bd5 Kd6 44. c4 f5 45. Kd3 Bf6 46. Bb7 Bb2 47. c5+ Kc7 48. Bf3 Bc1 49. Kc4 Be3 50. b5 Kd7 51. b6 Ke6 52. Bd5+ Ke7 53. Kb5 Kd8 54. c6 Bf4 55. Kxa4 Bd6 56. Kb5 f4 57. a4 1-0

[Event "45th Olympiad 2024"]
[Site "Budapest HUN"]
[Date "2024.09.13"]
[Round "3.74"]
[Board "1"]
[White "Bhakta Bahadur Monger"]
[Black "Pereira, Sergio"]
[Result "1/2-1/2"]
[WhiteElo "1911"]
[BlackElo "1988"]
[PlyCount "91"]
[EventDate "2024.09.11"]
[WhiteTeam "Bhutan"]
[BlackTeam "Sao Tome and Principe"]
[WhiteTeamCountry "BTN"]
[BlackTeamCountry "SAO"]

1. d4 Nf6 2. Nf3 d5 3. Bf4 c5 4. e3 Nc6 5. Nbd2 Bf5 6. c3 Qb6 7. Qb3 c4 8. Qxb6 axb6 9. Be2 ({RR} 9. a3 b5 10. Rc1 h6 11. h3 Nd7 12. g4 Bh7 13. Bg2 Nb6 14. O-O e6 15. Ne5 Nxe5 16. Bxe5 Bd3 17. Rfe1 f6 18. Bg3 Na4 19. e4 O-O-O 20. f4 Nxb2 21. f5 exf5 22. exd5 fxg4 23. hxg4 Bd6 {0-1 Vogel,J (2031)-Pathak,R (1973) Open NK Rapid 2024 (7.29)}) 9... b5 10. O-O h6 $146 ({RR} 10... b4 11. Ne5 bxc3 12. bxc3 Nxe5 13. Bxe5 e6 14. h4 h6 15. Bxf6 gxf6 16. g4 Bh7 17. a4 f5 18. g5 hxg5 19. hxg5 Rg8 20. f4 f6 21. Nf3 Be7 22. Kf2 Kd7 23. gxf6 Bxf6 24. Rh1 Bg6 25. Rh6 {½-½ Durovka,M (1370)-Hajdu,M (1755) Wch U08 Santiago de Compostela 2018 (7)}) ({RR} 10... b4 11. Rfc1 e6 12. Ne5 Nxe5 13. Bxe5 Nd7 14. Bg3 bxc3 15. Rxc3 Bb4 16. e4 Bxc3 17. bxc3 Bg6 18. Bd6 Bxe4 19. Nxe4 dxe4 20. Bxc4 Rc8 21. Bb5 Rxc3 22. Re1 f5 23. f3 e3 24. Bb4 Rc2 25. Rxe3 {1-0 Horvath,D (2519)-Florianovitz,D (2079) Titled Tue 18th Apr Late 2023 (2)}) 11. Ne5 e6 12. Ndf3 Ne7 13. h3 Bh7 14. Nd2 Nc8 15. Ng4 Nd7 16. f3 Ncb6 17. Rfc1 Na4 18. b3 Nxc3 19. Bf1 Bb4 20. e4 Ra3 21. Nb1 Nxb1 22. Raxb1 c3 23. Nf2 O-O 24. Nd3 Ba5 25. Bd6 b4 26. Nxb4 dxe4 27. fxe4 Rc8 28. Nc6 Rxc6 29. Bxa3 c2 30. Ra1 Bc3 31. d5 Bd4+ 32. Kh2 exd5 33. exd5 Be5+ 34. Kg1 Rc8 35. Bc4 Bd4+ 36. Kf1 Ne5 37. d6 Bd3+ 38. Bxd3 Nxd3 39. d7 Rd8 40. Rxc2 Bxa1 41. Rc8 Bf6 42. Bd6 Nc1 43. Bc7 Rf8 44. Bd6 Rd8 45. Bc7 Rf8 46. Bd6 1/2-1/2

[Event "45th Olympiad 2024"]
[Site "Budapest HUN"]
[Date "2024.09.13"]
[Round "3.74"]
[Board "2"]
[White "Espirito Santo, Waldyr"]
[Black "Mahendra Gurung"]
[Result "1-0"]
[WhiteElo "1926"]
[BlackElo "1725"]
[PlyCount "69"]
[EventDate "2024.09.11"]
[WhiteTeam "Sao Tome and Principe"]
[BlackTeam "Bhutan"]
[WhiteTeamCountry "SAO"]
[BlackTeamCountry "BTN"]

1. e4 c5 2. c3 Nc6 3. d4 cxd4 4. cxd4 d5 5. e5 e6 6. Nf3 Bb4+ 7. Nc3 Nge7 8. Bd3 O-O 9. Bxh7+ Kxh7 10. Ng5+ Kg6 11. Qg4 f5 12. exf6 e5 $146 ({RR} 12... Kxf6 13. Nh7+ Kf7 14. Nxf8 Kxf8 15. Qf4+ Nf5 16. g4 Ncxd4 17. Kd1 Bd6 18. Qd2 Nf3 19. Qe2 N5d4 20. Nb5 Nxe2 21. Kxe2 Qb6 22. Nxd6 Qxd6 23. Kxf3 d4 24. Bd2 Qd5+ 25. Kg3 Qb5 26. Rab1 Qd3+ {0-1 Kollias,D (1261)-Nikolaou,T GRE-ch U10 Greece 2014 (1)}) ({RR} 12... Kxf6 13. Nh7+ Kf7 14. Nxf8 Kxf8 15. O-O Nf5 16. Bg5 Qb6 17. Qh5 Be7 18. Qh8+ Kf7 19. Qh5+ {½-½ Papadopoulou,T-Stesser,C EU-ch U16 Girls 1992}) 13. Ne6+ Kxf6 14. Bg5+ Kf7 15. Nxd8+ Ke8 16. Qh4 Nxd8 17. dxe5 Be6 18. Qxb4 Nec6 19. Qd6 Rf7 20. Bxd8 Nxd8 21. O-O Rd7 22. Qc5 b6 23. Qb4 Rc8 24. Qh4 Rc4 25. Qh8+ Kf7 26. Nb5 Nb7 27. Rac1 a6 28. Rxc4 dxc4 29. Nd6+ Nxd6 30. exd6 b5 31. Qh5+ g6 32. Qh7+ Kf6 33. Qh8+ Kf5 34. Re1 Bf7 35. Qe5+ 1-0

[Event "45th Olympiad 2024"]
[Site "Budapest HUN"]
[Date "2024.09.13"]
[Round "3.75"]
[Board "4"]
[White "Al-Kuwari, Turki"]
[Black "Shaker, Musab"]
[Result "1-0"]
[WhiteElo "1577"]
[BlackElo "1757"]
[PlyCount "55"]
[EventDate "2024.09.11"]
[WhiteTeam "Qatar"]
[BlackTeam "Bahrain"]
[WhiteTeamCountry "QAT"]
[BlackTeamCountry "BHN"]

1. e4 e5 2. Nf3 Nf6 3. Nxe5 d6 4. Nf3 Nxe4 5. Nc3 Nxc3 6. dxc3 Be7 7. Be3 O-O 8. Qd2 c6 9. O-O-O d5 10. h4 Nd7 11. h5 ({RR} 11. Bd3 Re8 12. Rde1 Nf6 13. Ng5 c5 14. c4 h6 15. cxd5 c4 16. Bxc4 hxg5 17. hxg5 Ne4 18. Qd1 Bxg5 19. Qh5 Bxe3+ 20. Rxe3 f5 21. d6+ Be6 22. Qh7+ {1-0 Carlsen,M (2863)-Aronian,L (2773) Lindores Abbey Prelim rapid 2020 (2)}) ({RR} 11. Bd3 Re8 12. Kb1 Bc5 13. Bd4 Bxd4 14. cxd4 Nf6 15. Ne5 Ne4 16. Bxe4 dxe4 17. Qf4 f6 18. Nc4 Be6 19. Ne3 Qa5 20. c4 Rad8 21. h5 h6 22. Ka1 Qg5 23. Qxg5 hxg5 24. d5 cxd5 25. cxd5 Bf7 {½-½ Paravyan,D (2612)-Caspi,I (2468) Titled Tue 30th Jan Early 2024 (3)}) 11... Nc5 12. Nd4 $146 ({RR} 12. h6 g6 13. Bd4 Ne4 14. Qe1 Bf6 15. Bd3 Re8 16. Qf1 Bg4 17. Re1 Bxd4 18. Nxd4 Nc5 19. f3 Qg5+ 20. Kb1 Rxe1+ 21. Qxe1 Nxd3 22. cxd3 Bd7 23. Qf2 b6 24. f4 Qf6 25. Re1 c5 26. Nc2 Qf5 {½-½ Rappazzo,J (1761)-Haas,A (1638) SUI-ch U14 Biel 2022 (3)}) ({RR} 12. h6 g6 13. c4 Ne4 14. Qe1 Be6 15. cxd5 cxd5 16. Nd4 Bg5 17. Bd3 Nc5 18. Kb1 Nxd3 19. Rxd3 Re8 20. Qd2 Bxe3 21. Rxe3 Qd7 22. Rhe1 Rac8 23. Qe2 Qa4 24. Nxe6 fxe6 25. Rxe6 Kf8 26. Qf3+ Kg8 {1-0 Breyer,P (1743)-Haas,A (1638) SUI-ch U14 Biel 2022 (5)}) 12... Qa5 13. Kb1 Ne4 14. Qe1 Re8 15. f3 Nd6 16. Qg3 Nf5 17. Nxf5 Bxf5 18. Bd4 Bf8 19. Bxg7 Bxg7 20. h6 Bg6 21. hxg7 Kxg7 22. Bd3 Re6 23. f4 Qc7 24. Qg5 f5 25. Bxf5 Rf6 26. Rxh7+ Kxh7 27. Qxf6 Qg7 28. Rh1+ 1-0

[Event "45th Olympiad 2024"]
[Site "Budapest HUN"]
[Date "2024.09.13"]
[Round "3.76"]
[Board "1"]
[White "Misambo .J. KIlasa"]
[Black "Mompel Ferruz, Xavier"]
[Result "1/2-1/2"]
[WhiteElo "1959"]
[BlackElo "2273"]
[PlyCount "82"]
[EventDate "2024.09.11"]
[WhiteTeam "Tanzania"]
[BlackTeam "Equatorial Guinea"]
[WhiteTeamCountry "TAN"]

1. d4 d5 2. c4 e6 3. Nc3 Nf6 4. Bg5 dxc4 5. e3 c5 6. dxc5 ({RR} 6. Nf3 cxd4 7. Nxd4 a6 8. Bxc4 Be7 9. O-O O-O 10. Rc1 b5 11. Be2 Ra7 12. Qb3 Qa5 13. Rfd1 Rd8 14. a3 Rad7 15. Bh4 Bb7 16. Bg3 Kf8 17. Bf3 Bxf3 18. Nxf3 Rxd1+ 19. Rxd1 Rxd1+ 20. Qxd1 Nbd7 {0-1 Shankland,S (2698)-So,W (2753) Armageddon Grand Finale L 2023 (1.2)}) 6... Nbd7 ({RR} 6... Qxd1+ 7. Rxd1 Bxc5 8. Bxc4 a6 9. Nf3 b5 10. Bd3 Nbd7 11. Rc1 Be7 12. O-O Bb7 13. Rfd1 h6 14. Bh4 Rc8 15. Be2 Nb6 16. Ne5 O-O 17. Bf3 Bxf3 18. gxf3 Rc5 19. Nd3 Rc4 20. Bg3 Rd8 21. Ne5 {1-0 Barlov,D (2375)-Zwirs,N (2485) 1st Galdar Open 2024 (3.4)}) 7. c6 bxc6 8. Bxc4 Qa5 $146 ({RR} 8... Qb6 9. Qb3 Nd5 10. Nge2 Ne5 11. Bxd5 cxd5 12. Qxb6 axb6 13. Nb5 Bb4+ 14. Nec3 Kd7 15. O-O Ba6 16. Rfd1 Bxc3 17. Nxc3 f6 18. Bf4 Nd3 19. b3 Nxf4 20. exf4 g6 21. Na4 Rab8 22. Rd2 Bb5 23. Nc3 {½-½ Tan,Z (2513)-Lei,T (2507) Hengshui IMSA blitz (Women) 2019 (13)}) 9. Bxf6 Nxf6 10. Nge2 Be7 11. O-O O-O 12. Qc2 c5 13. Rad1 Bb7 14. Rd2 Bc6 15. Rfd1 Qc7 16. b3 Ng4 17. Ng3 h5 18. Nf1 Ne5 19. Be2 g6 20. h3 Qb7 21. f4 Nd7 22. e4 Nb6 23. Ne3 Rad8 24. Bb5 Rc8 25. Bxc6 Qxc6 26. Nc4 Nxc4 27. bxc4 f5 28. Rd7 Rc7 29. Rxc7 Qxc7 30. e5 g5 31. Nb5 Qc6 32. Nxa7 Qb7 33. Nb5 gxf4 34. Qe2 Qe4 35. Qxh5 Rf7 36. Nd6 Bxd6 37. Rxd6 Qe1+ 38. Kh2 Qg3+ 39. Kg1 Qe1+ 40. Kh2 Qg3+ 41. Kg1 Qe1+ 1/2-1/2